| 000 | 00984cam a2200313u 4500 | ||
|---|---|---|---|
| 001 | data | ||
| 005 | 20260322212111.0 | ||
| 008 | data | ||
| 035 | _a10128348 | ||
| 906 |
_a0 _bcbc _cpremunv _du _encip _f19 _gy-gencatlg |
||
| 010 | _a 21016322 | ||
| 035 | _9(DLC) 21016322 | ||
| 040 |
_aDLC _cCarP _dDLC |
||
| 043 |
_an-us--- _af------ _an-us--- |
||
| 050 | 0 | 0 |
_aBV3705.D6 _bA3 |
| 100 | 1 |
_aDoering, Bertha Charlotta, _d1890- |
|
| 245 | 1 | 4 | _aThe romance of heavenly princess, |
| 260 |
_aLos Angeles, Calif., _bThe "Trust in God" publishing house _c[1921] |
||
| 300 |
_a167 p. _bfront. (port.) illus. (incl. port.) _c20 cm. |
||
| 336 |
_atext _btxt _2rdacontent |
||
| 337 |
_aunmediated _bn _2rdamedia |
||
| 338 |
_avolume _bnc _2rdacarrier |
||
| 650 | 0 |
_aMissions _zAfrica. |
|
| 650 | 0 |
_aMissions _zAlaska. |
|
| 650 | 0 |
_aMissions _zFlorida. |
|
| 650 | 0 |
_aMissions _zSweden. |
|
| 991 |
_bc-GenColl _hBV3705.D6 _iA3 _tCopy 1 _wPREM |
||
| 999 |
_c1656 _d1656 |
||